Basic and clinical pharmacology
সংরক্ষণ করুন:
| বিন্যাস: | গ্রন্থ |
|---|---|
| ভাষা: | Undetermined |
| প্রকাশিত: |
New York
McGraw-Hill
1998
|
| বিষয়গুলি: | |
| ট্যাগগুলো: |
ট্যাগ যুক্ত করুন
কোনো ট্যাগ নেই, প্রথমজন হিসাবে ট্যাগ করুন!
|
| Thư viện lưu trữ: | Trung tâm Học liệu Trường Đại học Cần Thơ |
|---|
| LEADER | 00446nam a2200169Ia 4500 | ||
|---|---|---|---|
| 001 | CTU_54875 | ||
| 008 | 210402s9999 xx 000 0 und d | ||
| 020 | |b 150000 | ||
| 082 | |a 615.1 | ||
| 082 | |b B311 | ||
| 245 | 0 | |a Basic and clinical pharmacology | |
| 245 | 0 | |c Edited by Bertram G. Katzung | |
| 260 | |a New York | ||
| 260 | |b McGraw-Hill | ||
| 260 | |c 1998 | ||
| 650 | |a pharmacology | ||
| 980 | |a Trung tâm Học liệu Trường Đại học Cần Thơ | ||